|
|
|
|
| LEADER |
01005cam a2200265 7i4500 |
| 001 |
0000064448 |
| 005 |
20211209090000.0 |
| 020 |
|
|
|a 9781482249088 (electronic book)
|
| 020 |
|
|
|a 9781482249071
|
| 090 |
0 |
0 |
|a QA76.9.B45
|b H918 2016
|
| 245 |
0 |
0 |
|a Handbook of big data :
|b edited by Peter Bu?hlmann, Petros Drineas, Michael Kane, Mark van der Laan.
|
| 264 |
|
|
|a Boca Raton, FL:
|b CRC Press,
|c 2016.
|
| 300 |
|
|
|a 1 online resource (xvi, 464 pages):
|b illustrations (some color), text file, PDF.
|
| 336 |
|
|
|a text
|2 rdacontent
|
| 337 |
|
|
|a computer
|2 rdamedia
|
| 338 |
|
|
|a online resource
|2 rdacarrier
|
| 650 |
0 |
0 |
|a Big data--Statistical methods
|
| 655 |
0 |
0 |
|a Electronic books
|
| 700 |
1 |
|
|a Buhlmann, Peter
|
| 700 |
1 |
|
|a Drineas, Petros
|
| 700 |
1 |
|
|a Kane, Michael
|
| 700 |
1 |
|
|a Laan, M. J. van der
|
| 856 |
4 |
2 |
|u http://library.unisel.edu.my/web/guest/mylibrary
|
| 997 |
|
|
|a Communication, Visual Art & Computing, Faculty
|b Computing, Department
|
| 999 |
|
|
|a EBO0009426
|b EBOOK
|c EBOOK
|e Electronic resources
|